|
|
|
|
| LEADER |
00000cam a2200000 4500 |
| 001 |
vtls012255649 |
| 003 |
SK-MaSNL |
| 005 |
20260421073942.0 |
| 008 |
240430s2023 xr obc g n 001 0 cze |
| 020 |
|
|
|a 9788074229404
|q (viazané)
|
| 040 |
|
|
|a SNK
|b slo
|c SNK
|e rda
|
| 041 |
0 |
|
|a cze
|
| 043 |
|
|
|a e-sp---
|
| 044 |
|
|
|a xr
|c CZ
|
| 072 |
|
7 |
|a 94(46)
|x Dejiny štátov a území na Pyrenejskom poloostrove
|2 konspekt
|
| 080 |
|
|
|a 94(460)
|2 2011
|
| 080 |
|
|
|a (048.8)
|2 2011
|
| 100 |
1 |
|
|a Chalupa, Jiří,
|d 1966-
|4 aut
|9 1637367
|
| 245 |
1 |
0 |
|a Dějiny Španělska
|c Jiří Chalupa
|
| 250 |
|
|
|a Vydání druhé
|
| 264 |
|
1 |
|a Praha
|b NLN
|c 2023
|
| 300 |
|
|
|a 762 strán
|b fotografie, mapy, portréty
|c 22 cm
|
| 336 |
|
|
|a text
|b txt
|2 rdacontent
|
| 337 |
|
|
|a bez média
|b n
|2 rdamedia
|
| 338 |
|
|
|a zväzok
|b nc
|2 rdacarrier
|
| 490 |
1 |
|
|a Dějiny států
|
| 500 |
|
|
|a Obsahuje choronologický prehľad a zoznam zdrojov obrázkov
|
| 504 |
|
|
|a Obsahuje bibiografiu a register
|
| 651 |
|
7 |
|a Španielsko
|x dejiny
|2 SNKPHgeo
|9 164920
|
| 651 |
|
7 |
|a Spain
|x History
|2 SNKPHeng
|9 238548
|
| 655 |
|
7 |
|a monografie
|2 SNKPH
|9 70139
|
| 655 |
|
7 |
|a prehľady
|2 SNKPH
|9 70194
|
| 655 |
|
7 |
|a Surveys
|2 SNKPHeng
|9 266058
|
| 655 |
|
7 |
|a Monographs
|2 SNKPHeng
|9 120675
|
| 830 |
|
0 |
|a Dějiny států
|9 296925
|
| 852 |
|
|
|a Slovenská národná knižnica
|
| 919 |
|
|
|a 978-80-7422-940-4
|
| 954 |
|
|
|a odborná, vedecká literatúra cudzojazyčná (svetová)
|2 lita
|
| 958 |
|
|
|a NB
|
| 999 |
|
|
|c 1086543
|d 1088473
|
| 952 |
|
|
|t snkCHAL 94(460)
|a SNKUST
|b SNKUST
|y PREZ
|7 0
|p 17A1576805
|o snkIC 147960
|i snk2025/12703
|8 4
|g 30.77
|0 0
|1 0
|4 0
|d 2024-04-30
|l 0
|r 2026-02-24 16:44:13
|w 2026-02-24
|